Responsabilidade civil objetiva

Bibliographic Details
Main Author: Teixeira Neto, Felipe
Format: eBook
Language:Portuguese
Published: Indaiatuba: Editora Foco, 2022
Subjects:
Online Access:Acceso restringido

MARC

LEADER 00000nam a22000007a 4500
005 20220503234328.0
007 cr|||| ||||
008 220503s2022 br |||||s|||| 00||0 por d
020 |a 978-65-5515-410-8 
035 |a 36257 
040 |a vLex 
090 |c 13267  |d 13267 
100 1 |a Teixeira Neto, Felipe 
245 1 0 |a Responsabilidade civil objetiva  |h [Recurso electrn̤ico] /  |c Felipe Teixeira Neto 
256 |a Servicio en ln̕ea 
260 |a Indaiatuba:  |b Editora Foco,  |c 2022 
300 |a 1 recurso electrn̤ico 
506 1 |a Disponible solo en los productos indicados  |d vLex Global  |d vLex Global (Academic Edition, excluding Law Schools)  |d vLex Global (U.S. Academic Edition, Law Schools)  |d vLex Global (U.S. Academic Edition, excluding Law Schools)  |d vLex Global (Academic Edition, Law Schools) 
650 0 4 |a Derecho Civil  |z Brasil 
740 0 |a vLex Libros (Servicio en ln̕ea) 
856 4 0 |u https://app.vlex.com/#/sources/36257  |z Acceso restringido 
942 |c BOOK 
999 0 |a Civil Law